Sports Quiz

Random Sports or NHL Quiz

Boston Bruins Stanley Cup Champions Quiz Stats

 Plays Quiz not verified by Sporcle

Score 0/91 Timer 10:00
0 Plays Today
Position(s) Name % Correct
DefenceBobby Orr
100%
CentrePhil Esposito
93.8%
CentrePatrice Bergeron
93.8%
DefenceZdeno Chara
93.8%
Left WingJohn Bucyk
90.6%
CentreDavid Krejci
90.6%
GoalieTim Thomas
90.6%
Left WingMilan Lucic
87.5%
GoalieTuukka Rask
87.5%
GoalieGerry Cheevers
84.4%
Left WingBrad Marchand
84.4%
Right WingNathan Horton
78.1%
DefenceDennis Seidenberg
78.1%
Right WingKen Hodge
75%
CentreGregory Campbell
71.9%
Right WingMark Recchi
71.9%
CentreDerek Sanderson
68.8%
CentreTyler Seguin
68.8%
DefenceEddie Shore
65.6%
CentreMilt Schmidt
65.6%
DefenceDes Smith
65.6%
DefenceDallas Smith
65.6%
DefenceRick Smith
65.6%
Right WingWayne Cashman
62.5%
DefenceAndrew Ference
62.5%
DefenceAdam McQuaid
62.5%
CentreMarc Savard
62.5%
ForwardShawn Thornton
62.5%
DefenceJohnny Boychuk
59.4%
GoalieEddie Johnston
56.3%
CentreChris Kelly
56.3%
Position(s) Name % Correct
Left WingDaniel Paille
56.3%
GoalieTiny Thompson
53.1%
RW/DefenceDit Clapper
50%
Right WingJohn McKenzie
50%
CentreFred Stanfield
50%
DefenceTomas Kaberle
46.9%
Right WingMichael Ryder
46.9%
ForwardRed Green
40.6%
Right WingBobby Bauer
40.6%
GoalieFrank Brimsek
40.6%
DefenceDon Awrey
40.6%
DefenceTed Green
40.6%
Left WingDon Marcotte
40.6%
CentreRich Peverley
40.6%
Left WingWoody Dumart
37.5%
Right WingEd Westfall
37.5%
DefenceCarol Vadnais
37.5%
Right WingMel Hill
31.3%
DefenceGary Doak
31.3%
CentreBill Cowley
28.1%
Left WingGarnet Bailey
28.1%
DefenceLionel Hitchman
25%
GoalieJohn Adams
21.9%
Left WingRoy Conacher
18.8%
CentreArt Jackson
18.8%
Left WingWayne Carleton
18.8%
CentreCooney Weiland
15.6%
DefenceFlash Hollett
15.6%
DefenceBill Speer
15.6%
Left WingCy Denneny
12.5%
DefenceGeorge Owen
12.5%
Position(s) Name % Correct
Right WingCharlie Sands
12.5%
Left WingHerb Cain
12.5%
CentreJim Lorentz
12.5%
Left WingRon Murphy
12.5%
DefenceJack Crawford
9.4%
ForwardTerry Reardon
9.4%
Left WingBill Lesuk
9.4%
CentreMike Walton
9.4%
Right WingBill Carson
6.3%
ForwardPercy Galbraith
6.3%
DefenceMyles Lane
6.3%
ForwardMickey MacKay
6.3%
Right WingHarry Oliver
6.3%
Left WingDan Schock
6.3%
Left WingChris Hayes
6.3%
CentreDutch Gainor
3.1%
ForwardLloyd Klein
3.1%
CentreEddie Rodden
3.1%
ForwardHarry Frost
3.1%
Left WingRay Getliffe
3.1%
Left WingRed Hamill
3.1%
CentrePat McReavy
3.1%
CentreGord Pettinger
3.1%
DefenceJack Portland
3.1%
DefenceJack Shewchuk
3.1%
ForwardGordie Bruce
3.1%
Right WingEddie Wiseman
3.1%
CentreIvan Boldirev
3.1%
CentreGarry Peters
3.1%

You're not logged in!

Compare scores with friends on all Sporcle quizzes.
OR
Log In

Show Comments

Extras

Top Quizzes Today


Score Distribution

Your Account Isn't Verified!

In order to create a playlist on Sporcle, you need to verify the email address you used during registration. Go to your Sporcle Settings to finish the process.

Report this User

Report this user for behavior that violates our Community Guidelines.

Details: